Chile since independence
Zapisane w:
| 1. autor: | |
|---|---|
| Format: | Książka |
| Język: | angielski |
| Wydane: |
Nueva York, Estados Unidos
Cambridge University Press
1993
|
| Hasła przedmiotowe: | |
| Etykiety: |
Dodaj etykietę
Nie ma etykietki, Dołącz pierwszą etykiete!
|
MARC
| LEADER | 00000nam a2200000 a 4500 | ||
|---|---|---|---|
| 001 | UCQ2971 | ||
| 003 | CL-VaPUC | ||
| 005 | 20220903073947.0 | ||
| 008 | 980817e19930000US |||||||||||||||||eng|d | ||
| 999 | |c 273661 |d 273659 | ||
| 040 | |c Pontificia Universidad Católica de Valparaíso | ||
| 082 | 0 | 4 | |a 983.06 BET 1993 |2 21 |
| 100 | 0 | |a Bethell, Leslie |e author |9 417004 | |
| 245 | 1 | 0 | |a Chile since independence |
| 260 | |a Nueva York, Estados Unidos |b Cambridge University Press |c 1993 | ||
| 300 | |a 240 páginas | ||
| 583 | |a last modification |c 20160829 11:38:16 |k Rodrigo Vera | ||
| 650 | 0 | |a Historia de Chile |y SIGLO 19 |9 322385 | |
| 650 | 0 | |a Independencia |z CHILE |9 344246 | |
| 650 | 0 | |a Guerra del Pacífico |z CHILE |9 314886 | |
| 852 | |a BIBCUR | ||
| 942 | |c BK |2 ddc | ||
| 945 | |d 19980817 00:00:00 |a aarredon | ||
| 952 | |0 0 |1 0 |2 ddc |4 0 |6 983_060000000000000_BET_1993 |7 0 |8 A |9 309453 |a BIBHIS |b BIBHIS |d 2019-11-20 |i 344953K |o 983.06 BET 1993 |p 344953K |r 2025-01-20 |t 1 |w 2019-11-20 |y BK |k HIS | ||